000 01019nam a2200241Ia 4500
001 759.5-SCO ba (21528)
003 IT-MiSPE
008 171229s9999||||xx |||||||||||||| ||und||
040 _aIT-MiSPE
_cIT-MiSPE
041 _aITALIANO
100 _aGabriele Finardi
245 0 _aAlla scoperta del barocco italiano
_bLa collezione Denis Mahon
250 _a1a ed. (v)
260 _aVenezia
_bMarsilio
_c1998
300 _a201 p.
_c29 cm
500 _aBarocco
501 _aEdizioni San Paolo srl - Piazza Soncino, 5 - 20092 CINISELLO BALSAMO (MI) (non commercial uses only) ® Copyright 2018
520 _aIll., tav.
700 _aMichael Kitson
942 _cBK
957 _71
999 _a10247
_bNO
_g Copie: 1
_c351798
_d351798